30 Congreso Colombiano de Derecho Procesal / (Registro nro. 15427)

Detalles MARC
000 -LEADER
fixed length control field 01142nam a22002417a 4500
003 - CONTROL NUMBER IDENTIFIER
control field OSt
005 - DATE AND TIME OF LATEST TRANSACTION
control field 20210318115743.0
008 - FIXED-LENGTH DATA ELEMENTS--GENERAL INFORMATION
fixed length control field 210318s2009 ck ||||fr|||| 10| 0 spa d
020 ## - INTERNATIONAL STANDARD BOOK NUMBER
International Standard Book Number 9789588534046
040 ## - CATALOGING SOURCE
Original cataloging agency CO-JMCR
Transcribing agency CO-JMCR
041 0# - LANGUAGE CODE
Language code of text/sound track or separate title spa
082 04 - DEWEY DECIMAL CLASSIFICATION NUMBER
Classification number 345.86105 /
Item number C749t
Edition number 23
111 1# - MAIN ENTRY--MEETING NAME
Meeting name or jurisdiction name as entry element Congreso Colombiano de Derecho Procesal
Location of meeting (Bogotá :
Number of part/section/meeting 30o.)
9 (RLIN) 36288
245 10 - TITLE STATEMENT
Title 30 Congreso Colombiano de Derecho Procesal /
Statement of responsibility, etc. Congreso
250 ## - EDITION STATEMENT
Edition statement Primera edición
260 ## - PUBLICATION, DISTRIBUTION, ETC.
Place of publication, distribution, etc. Bogotá :
Name of publisher, distributor, etc. Universidad Libre,
Date of publication, distribution, etc. 2009
300 ## - PHYSICAL DESCRIPTION
Extent 1154 páginas ;
Dimensions 24 cm.
500 ## - GENERAL NOTE
General note Incluye notas a pie de página.
504 ## - BIBLIOGRAPHY, ETC. NOTE
Bibliography, etc. note Bibliografía al final de algunos capítulos.
505 0# - FORMATTED CONTENTS NOTE
Formatted contents note Derecho Procesal Penal -- Derecho Procesal Administrativo -- Proceso Civil Adversarial -- Diagnóstico sobre el proceso Ejecutivo -- La judicialización de los Derechos Económicos sociales y culturales -- La evolución del régimen colombiano de medidas cautelares en los procesos declarativos -- Conferencia sobre diversos temas de Derecho Procesal
650 14 - SUBJECT ADDED ENTRY--TOPICAL TERM
Topical term or geographic name entry element Derecho procesal
Form subdivision Congresos, conferencias, etc.
Geographic subdivision Colombia
9 (RLIN) 36289
942 ## - ADDED ENTRY ELEMENTS (KOHA)
Source of classification or shelving scheme Dewey Decimal Classification
Koha item type Books
Existencias
Withdrawn status Lost status Source of classification or shelving scheme Damaged status Not for loan Collection code Home library Current library Date acquired Source of acquisition Total Checkouts Full call number Barcode Date last seen Date last checked out Copy number Price effective from Koha item type
    Dewey Decimal Classification     Non-fiction Biblioteca Pública José María del Castillo y Rada Biblioteca Pública José María del Castillo y Rada 10/02/2020 Donación 3 345.86105 / C749t 201810909 10/30/2024 10/29/2024 Ej.1 03/18/2021 Books